| 000 | 00532nam a2200217Ia 4500 | ||
|---|---|---|---|
| 003 | OSt | ||
| 005 | 20230515112101.0 | ||
| 008 | 210423s2009 xx 000 0 und d | ||
| 020 | _a9788184732207 | ||
| 040 | _cAL | ||
| 041 | _aeng | ||
| 082 |
_a612.64 _223 _b SADT |
||
| 100 |
_aSADLER (T W). _9104136 |
||
| 245 | _aLangmans medical embryology. | ||
| 250 | _a11 | ||
| 260 |
_aNew Delhi _bWolter Kluwer _c2009 |
||
| 300 |
_aix,385 _bPB |
||
| 365 |
_b725 _cINR |
||
| 906 | _aembryology. ; Langmans ; medical | ||
| 942 |
_2ddc _cBK |
||
| 999 |
_c164374 _d164374 |
||